[Event "4NCL/Div2/RIC-BAR3"]
[Site "Rd-9 Birmingham"]
[Date "2002.05.04"]
[Round "9.8"]
[White "Flower, David"]
[Black "Wilson, Alexandra"]
[Result "1-0"]
[WhiteElo "2101"]
[BlackElo "2097"]
[PlyCount "49"]
[EventDate "2002.05.04"]

1. Nf3 Nf6 2. g3 g6 3. b3 Bg7 4. Bb2 d5 5. Bg2 O-O 6. c4 c5 7. cxd5 Nxd5 8.
Bxg7 Kxg7 9. Qc1 b6 10. O-O Bb7 11. Rd1 Qc7 12. Nc3 Rd8 13. Nxd5 Bxd5 14. Qc3+
Kg8 15. d4 Nd7 16. Rac1 Qb7 17. Qe3 e6 18. Qf4 Rac8 19. e4 Bc6 20. Ng5 Nf8 21.
d5 exd5 22. exd5 Bxd5 23. Rxd5 Rxd5 24. Ne4 Nd7 25. Nc3 1-0

[Event "4NCL/Div2/NWE-3CS"]
[Site "Rd-9 Birmingham"]
[Date "2002.05.04"]
[Round "9.1"]
[White "Shaw, John"]
[Black "Davies, Nigel R"]
[Result "1/2-1/2"]
[WhiteElo "2503"]
[BlackElo "2481"]
[PlyCount "40"]
[EventDate "2002.05.04"]

1. e4 Nf6 2. e5 Nd5 3. d4 d6 4. c4 Nb6 5. exd6 exd6 6. Nc3 Be7 7. Bd3 O-O 8.
Nge2 Nc6 9. O-O Re8 10. a3 Bf6 11. Be3 Bg4 12. Qc2 g6 13. h3 Bxe2 14. Nxe2 Bg5
15. d5 Nb8 16. Bxg5 Qxg5 17. Nc3 N8d7 18. Nb5 Qd8 19. Rae1 Rxe1 20. Rxe1 a6
1/2-1/2

[Event "4NCL/Div2/NWE-3CS"]
[Site "Rd-9 Birmingham"]
[Date "2002.05.04"]
[Round "9.2"]
[White "Clarke, Stuart"]
[Black "Haslinger, Stewart"]
[Result "0-1"]
[WhiteElo "2290"]
[BlackElo "2294"]
[PlyCount "80"]
[EventDate "2002.05.04"]

1. e4 e5 2. Nf3 Nc6 3. Bb5 a6 4. Ba4 Nf6 5. O-O Be7 6. Re1 b5 7. Bb3 O-O 8. d4
d6 9. c3 Bg4 10. d5 Na5 11. Bc2 Qc8 12. h3 Bd7 13. Nbd2 c6 14. b4 Nb7 15. dxc6
Qxc6 16. Bb2 Nd8 17. a4 Ne6 18. g3 Qb7 19. a5 Bc6 20. Qe2 Ne8 21. c4 N8c7 22.
Rac1 f6 23. Bb3 Kh8 24. Nh4 bxc4 25. Bxc4 d5 26. exd5 Bxd5 27. Qh5 Kg8 28. Bd3
Ng5 29. Nc4 Bxb4 30. Red1 e4 31. Be2 Bf7 32. Qg4 Be6 33. Qh5 Nd5 34. Bd4 Nxh3+
35. Kh2 Nhf4 36. gxf4 Nxf4 37. Nb6 Nxh5 38. Nxa8 Nf4 39. Rc7 Qxa8 40. Rg1 Rf7
0-1

[Event "4NCL/Div2/NWE-3CS"]
[Site "Rd-9 Birmingham"]
[Date "2002.05.04"]
[Round "9.3"]
[White "Quillan, Gary"]
[Black "Walton, Alan J"]
[Result "1-0"]
[WhiteElo "2346"]
[BlackElo "2205"]
[PlyCount "53"]
[EventDate "2002.05.04"]

1. e4 e6 2. d4 d5 3. Nd2 Nf6 4. e5 Nfd7 5. c3 c5 6. Bd3 Nc6 7. Ne2 cxd4 8. cxd4
Qb6 9. Nf3 f6 10. exf6 Nxf6 11. O-O Bd6 12. Nf4 O-O 13. Re1 Bd7 14. Be3 Qc7 15.
g3 e5 16. dxe5 Nxe5 17. Nxe5 Bxe5 18. Rc1 Qd8 19. Nxd5 Bxb2 20. Nxf6+ Qxf6 21.
Bc4+ Be6 22. Bxe6+ Qxe6 23. Bc5 Qxa2 24. Bxf8 Bxc1 25. Bxg7 Qf7 26. Bc3 Bh6 27.
Re4 1-0

[Event "4NCL/Div2/NWE-3CS"]
[Site "Rd-9 Birmingham"]
[Date "2002.05.04"]
[Round "9.4"]
[White "James, Dale R"]
[Black "Lund, D Brett"]
[Result "1/2-1/2"]
[WhiteElo "2217"]
[BlackElo "2283"]
[PlyCount "44"]
[EventDate "2002.05.04"]

1. e4 c5 2. Nf3 e6 3. c3 Nf6 4. e5 Nd5 5. Na3 a6 6. Nc2 d6 7. exd6 Qxd6 8. g3
Nc6 9. Bg2 e5 10. O-O Be7 11. d4 cxd4 12. cxd4 e4 13. Nd2 f5 14. Nc4 Qd8 15. f3
Nf6 16. d5 Bc5+ 17. Be3 Bxe3+ 18. N2xe3 Na7 19. fxe4 fxe4 20. Rxf6 Qxf6 21.
Qh5+ g6 22. Qh6 Qf8 1/2-1/2

[Event "4NCL/Div2/NWE-3CS"]
[Site "Rd-9 Birmingham"]
[Date "2002.05.04"]
[Round "9.5"]
[White "Littlewood, John E"]
[Black "Bentley, John L"]
[Result "1/2-1/2"]
[WhiteElo "2304"]
[BlackElo "2147"]
[PlyCount "61"]
[EventDate "2002.05.04"]

1. e4 c5 2. c3 Nf6 3. d3 d6 4. f4 Nc6 5. Nf3 g6 6. Be2 Bg7 7. O-O O-O 8. h3 Rb8
9. g4 c4 10. Nbd2 cxd3 11. Bxd3 b5 12. Qe1 b4 13. c4 Nd7 14. Nb3 a5 15. Qf2 Nc5
16. Nxc5 dxc5 17. Rd1 Nd4 18. e5 Nxf3+ 19. Qxf3 Bb7 20. Qf2 Qc7 21. Be3 Qc6 22.
Kh2 Rbc8 23. a3 b3 24. a4 g5 25. Rd2 Rfd8 26. Rad1 gxf4 27. Bxf4 Rd4 28. Bf1
Rxd2 29. Qxd2 Qh1+ 30. Kg3 Qf3+ 31. Kh2 1/2-1/2

[Event "4NCL/Div2/NWE-3CS"]
[Site "Rd-9 Birmingham"]
[Date "2002.05.04"]
[Round "9.6"]
[White "Longson, Alexander"]
[Black "Kennaugh, Charles W"]
[Result "1/2-1/2"]
[WhiteElo "2167"]
[BlackElo "2255"]
[PlyCount "36"]
[EventDate "2002.05.04"]

1. e4 e5 2. Nf3 Nc6 3. Bb5 f5 4. Nc3 Nf6 5. Qe2 Be7 6. Bxc6 dxc6 7. Nxe5 fxe4
8. Nxe4 O-O 9. Nxf6+ Bxf6 10. Qc4+ Qd5 11. Qxd5+ cxd5 12. d4 Bf5 13. Be3 Rfe8
14. Kd2 Bxe5 15. dxe5 Rxe5 16. Rhe1 Rae8 17. c3 a6 18. Bf4 Rxe1 1/2-1/2

[Event "4NCL/Div2/NWE-3CS"]
[Site "Rd-9 Birmingham"]
[Date "2002.05.04"]
[Round "9.7"]
[White "Macklin, Paul"]
[Black "Ashton, Adam G"]
[Result "0-1"]
[WhiteElo "2200"]
[BlackElo "2146"]
[PlyCount "116"]
[EventDate "2002.05.04"]

1. e4 e5 2. Nf3 Nc6 3. Bb5 a6 4. Ba4 Nf6 5. Bxc6 dxc6 6. d3 Bd6 7. Nbd2 O-O 8.
Nc4 Nd7 9. O-O f6 10. b3 Nc5 11. Bb2 Bg4 12. Ne3 Bh5 13. Nf5 Ne6 14. Ng3 Bf7
15. Nh4 Qd7 16. Nhf5 Rad8 17. Qd2 c5 18. Rad1 Rfe8 19. Kh1 b5 20. Ne2 Bg6 21.
Nfg3 Qc6 22. f3 Rd7 23. Nc3 Red8 24. Nd5 Qb7 25. Ne2 c6 26. Ne3 Bb8 27. Qe1 Qc7
28. Qh4 Qd6 29. g3 Nd4 30. Nxd4 cxd4 31. Ng4 c5 32. f4 exf4 33. gxf4 f5 34. Ne5
fxe4 35. Nxd7 Rxd7 36. f5 e3 37. fxg6 Qc6+ 38. Qe4 Qxe4+ 39. dxe4 e2 40. Rde1
exf1=Q+ 41. Rxf1 hxg6 42. Rg1 Kf7 43. Kg2 Re7 44. Re1 Ke6 45. Bc1 Rf7 46. Re2
Bf4 47. Bb2 Be3 48. h3 c4 49. bxc4 bxc4 50. Bc3 Rf4 51. Bb2 g5 52. Ba1 g4 53.
Bb2 gxh3+ 54. Kxh3 g5 55. Kg2 Rg4+ 56. Kh3 Rg1 57. Kh2 Rb1 58. Bc3 Bf4+ 0-1

[Event "4NCL/Div2/NWE-3CS"]
[Site "Rd-9 Birmingham"]
[Date "2002.05.04"]
[Round "9.8"]
[White "Kosteniuk, Oksana"]
[Black "Summerscale, Claire E"]
[Result "1-0"]
[WhiteElo "2000"]
[BlackElo "2031"]
[PlyCount "65"]
[EventDate "2002.05.04"]

1. e4 d5 2. exd5 Qxd5 3. Nc3 Qa5 4. d4 Nf6 5. h3 c6 6. Nf3 Bf5 7. Bd3 Bxd3 8.
Qxd3 e6 9. O-O Nbd7 10. Bf4 Bb4 11. Ne4 Nxe4 12. Qxe4 Qd5 13. Qd3 Nf6 14. a3
Be7 15. Rfe1 Nd7 16. c4 Qh5 17. d5 Nc5 18. Qd4 O-O-O 19. Rad1 cxd5 20. cxd5
Rxd5 21. Qxg7 Rhd8 22. Rxd5 Rxd5 23. Qh8+ Rd8 24. Qc3 Rd3 25. Qa5 Bd8 26. Qxa7
Bc7 27. Qa8+ Kd7 28. Bxc7 Kxc7 29. Qa5+ b6 30. Qa7+ Kc6 31. Ne5+ Kb5 32. a4+
Kb4 33. Qxb6+ 1-0

[Event "4NCL/Div2/ATH-PP1"]
[Site "Rd-9 Birmingham"]
[Date "2002.05.04"]
[Round "9.1"]
[White "Orr, Mark JL"]
[Black "Harley, Andrew"]
[Result "1-0"]
[WhiteElo "2328"]
[BlackElo "2258"]
[PlyCount "63"]
[EventDate "2002.05.04"]

1. d4 e6 2. e4 d5 3. e5 c5 4. c3 Qb6 5. Nf3 Nc6 6. Be2 cxd4 7. cxd4 Nh6 8. b3
Nf5 9. Bb2 Bb4+ 10. Kf1 O-O 11. Bd3 f6 12. Bxf5 fxe5 13. Bxh7+ Kxh7 14. dxe5
Bd7 15. Nbd2 Rf5 16. g4 Rf4 17. Ng5+ Kg8 18. Ndf3 Ne7 19. h3 Bc5 20. Qc2 g6 21.
Kg2 Rc8 22. Qd2 Rcf8 23. Rhc1 d4 24. Rxc5 Qxc5 25. Bxd4 Qd5 26. Be3 Rxf3 27.
Qxd5 Nxd5 28. Nxf3 Bc6 29. Bh6 Nf4+ 30. Kh2 Bxf3 31. Bxf8 Kxf8 32. Kg3 1-0

[Event "4NCL/Div2/ATH-PP1"]
[Site "Rd-9 Birmingham"]
[Date "2002.05.04"]
[Round "9.2"]
[White "Morgan, Ben"]
[Black "van Voorthuijsen, Pieter W"]
[Result "1-0"]
[WhiteElo "2200"]
[BlackElo "2324"]
[PlyCount "113"]
[EventDate "2002.05.04"]

1. e4 d6 2. d4 g6 3. Nc3 Bg7 4. Be3 a6 5. Qd2 b5 6. Bd3 Nd7 7. a4 b4 8. Nce2 a5
9. Nf3 Bb7 10. Ng3 c5 11. c3 bxc3 12. bxc3 Qc7 13. O-O c4 14. Bc2 Ngf6 15. Bh6
O-O 16. Bxg7 Kxg7 17. Qg5 Ng8 18. Nf5+ Kh8 19. Nxe7 f6 20. Nd5 Qd8 21. Qh4 Bxd5
22. exd5 Kg7 23. Rfe1 Nb6 24. Rab1 Ra7 25. Qg3 Nxd5 26. Nd2 Nb6 27. Re6 Rd7 28.
Rb5 Qc7 29. Rxa5 Ra8 30. Rxa8 Nxa8 31. Ne4 d5 32. Qxc7 Nxc7 33. Rd6 Re7 34. Nd2
Ne8 35. Rxd5 Re2 36. g4 Rxd2 37. Be4 f5 38. Rd7+ Kf8 39. Bd5 Nef6 40. Rf7+ Ke8
41. Bxc4 Ne4 42. gxf5 Nh6 43. Rxh7 Nxf5 44. Bf7+ Kf8 45. Bxg6 Ng5 46. Bxf5 Nxh7
47. Bxh7 Rd1+ 48. Kg2 Rc1 49. Bd3 Rxc3 50. Bb5 Ke7 51. d5 Kd6 52. Bc6 Ke5 53.
h3 Rd3 54. h4 Kf5 55. h5 Rc3 56. h6 Kg6 57. a5 1-0

[Event "4NCL/Div2/ATH-PP1"]
[Site "Rd-9 Birmingham"]
[Date "2002.05.04"]
[Round "9.3"]
[White "Spreeuw, Jaap"]
[Black "Moore, Gerald"]
[Result "1/2-1/2"]
[WhiteElo "2316"]
[BlackElo "2233"]
[PlyCount "57"]
[EventDate "2002.05.04"]

1. c4 e5 2. Nc3 Nc6 3. Nf3 f5 4. d4 e4 5. Ng5 Nf6 6. e3 h6 7. Nh3 g5 8. Ng1 Bg7
9. h4 g4 10. Nge2 Nh5 11. g3 O-O 12. Nd5 d6 13. Nef4 Nxf4 14. Nxf4 Qe8 15. Bd2
Kh7 16. Bc3 Ne7 17. b4 Qf7 18. Qb3 Ng6 19. Nxg6 Qxg6 20. Be2 Be6 21. d5 Bg8 22.
O-O Bxc3 23. Qxc3 Qg7 24. Qxg7+ Kxg7 25. Rfd1 Kf6 26. a4 a5 27. b5 b6 28. Rd4
Ke5 29. Rad1 1/2-1/2

[Event "4NCL/Div2/ATH-PP1"]
[Site "Rd-9 Birmingham"]
[Date "2002.05.04"]
[Round "9.4"]
[White "Rosen, Daniel B"]
[Black "Wade, Robert G"]
[Result "1/2-1/2"]
[WhiteElo "2228"]
[BlackElo "2223"]
[PlyCount "115"]
[EventDate "2002.05.04"]

1. e4 d6 2. d4 Nf6 3. Nc3 c6 4. Bd3 e5 5. Nf3 Bg4 6. dxe5 dxe5 7. h3 Bxf3 8.
Qxf3 Nbd7 9. Bc4 b5 10. Bb3 a5 11. a4 b4 12. Ne2 Nc5 13. Bg5 Be7 14. Bxf6 Bxf6
15. O-O O-O 16. Rfd1 Qe7 17. Bc4 Rfd8 18. b3 Rxd1+ 19. Rxd1 Rd8 20. Ng3 g6 21.
Rxd8+ Qxd8 22. Nf1 Kg7 23. Ne3 Qd4 24. Bd3 Ne6 25. Nc4 Bd8 26. g3 Ng5 27. Qg2
f5 28. exf5 e4 29. Be2 gxf5 30. h4 Nf7 31. Ne3 Nd6 32. Qf1 Bb6 33. Qd1 Qxd1+
34. Bxd1 Kf6 35. Be2 Bxe3 36. fxe3 Ke5 37. Kf2 Kd5 38. Bf1 c5 39. Be2 c4 40.
Bf1 c3 41. Bh3 Ke5 42. Bf1 Kf6 43. Ba6 h6 44. Bf1 Nf7 45. Be2 Ne5 46. Ke1 Ke6
47. Kd1 Kd6 48. Ke1 Kd5 49. Bh5 Nd7 50. Bf7+ Kd6 51. Bh5 Nc5 52. Kd1 Ke6 53.
Ke1 Nb7 54. Be2 Kf6 55. Bh5 Nd6 56. Kf2 Nc4 57. Ke2 Nd6 58. Kf2 1/2-1/2

[Event "4NCL/Div2/ATH-PP1"]
[Site "Rd-9 Birmingham"]
[Date "2002.05.04"]
[Round "9.5"]
[White "Stevenson, James AB"]
[Black "Waddington, Michael P"]
[Result "1/2-1/2"]
[WhiteElo "2151"]
[BlackElo "2219"]
[PlyCount "34"]
[EventDate "2002.05.04"]

1. e4 e6 2. Nc3 d5 3. Nf3 d4 4. Nb5 c5 5. c3 dxc3 6. dxc3 Qxd1+ 7. Kxd1 Na6 8.
Bf4 Nf6 9. Bd3 c4 10. Bc2 Bc5 11. Ke2 Bd7 12. Nd6+ Bxd6 13. Bxd6 Bc6 14. Nd2
O-O-O 15. Ba3 Rd7 16. Rad1 Rhd8 17. f3 Bb5 1/2-1/2

[Event "4NCL/Div2/ATH-PP1"]
[Site "Rd-9 Birmingham"]
[Date "2002.05.04"]
[Round "9.6"]
[White "Byway, Paul"]
[Black "Spivack, Simon"]
[Result "1/2-1/2"]
[WhiteElo "2216"]
[BlackElo "2182"]
[PlyCount "92"]
[EventDate "2002.05.04"]

1. Nf3 Nf6 2. g3 g6 3. b4 Bg7 4. Bb2 d6 5. Bg2 c5 6. bxc5 dxc5 7. c4 O-O 8. O-O
Nc6 9. d3 Be6 10. Nbd2 Qc7 11. Nb3 b6 12. Qc1 Rad8 13. Bc3 Bc8 14. Qb2 Nh5 15.
a4 Bxc3 16. Qxc3 a5 17. d4 cxd4 18. Nbxd4 Nxd4 19. Nxd4 Ba6 20. Rfc1 Nf6 21.
Rab1 Rd6 22. e3 Rc8 23. Nb5 Bxb5 24. Rxb5 Nd7 25. Bf3 Nc5 26. Ra1 Rcd8 27. Rb2
Qd7 28. Qc2 Nd3 29. Rbb1 Qf5 30. Bd5 Nb4 31. Qxf5 gxf5 32. Ra3 e6 33. Bf3 Rd2
34. Rc3 Ra2 35. Bd1 Rdd2 36. Bb3 Rab2 37. Rxb2 Rxb2 38. Kg2 Na6 39. Kf3 Nc5 40.
Bc2 Kg7 41. g4 fxg4+ 42. Kxg4 f5+ 43. Kg5 h6+ 44. Kh5 Ra2 45. h3 Ra1 46. e4
fxe4 1/2-1/2

[Event "4NCL/Div2/ATH-PP1"]
[Site "Rd-9 Birmingham"]
[Date "2002.05.04"]
[Round "9.7"]
[White "Quinn, John M"]
[Black "Winfridsson, Hakan"]
[Result "1-0"]
[WhiteElo "2174"]
[BlackElo "2200"]
[PlyCount "80"]
[EventDate "2002.05.04"]

1. d4 Nf6 2. c4 g6 3. Nc3 d5 4. Nf3 Bg7 5. Qb3 dxc4 6. Qxc4 O-O 7. e4 Nc6 8.
Be2 Bg4 9. Be3 Nd7 10. Rd1 Nb6 11. Qc5 f5 12. d5 Nb8 13. Ng5 Bxe2 14. Nxe2 Na6
15. Qc2 Qd6 16. Ne6 fxe4 17. Qxe4 Bxb2 18. Nxf8 Rxf8 19. O-O Be5 20. g3 Nd7 21.
Bd4 Nac5 22. Qe3 b6 23. f4 Bxd4 24. Qxd4 e6 25. dxe6 Qxe6 26. Nc3 c6 27. Rfe1
Qf5 28. Re7 Nf6 29. Rde1 Qc2 30. R1e2 Qc1+ 31. Kg2 a5 32. Rc7 Ncd7 33. Rxc6 b5
34. Rd6 b4 35. Nd5 Ne8 36. Ne7+ Kf7 37. Rxd7 Nf6 38. Nxg6+ Kxg6 39. f5+ Kh6 40.
Qh4+ Nh5 1-0

[Event "4NCL/Div2/ATH-PP1"]
[Site "Rd-9 Birmingham"]
[Date "2002.05.04"]
[Round "9.8"]
[White "Connolly, Suzanne"]
[Black "Milligan, Helen"]
[Result "1/2-1/2"]
[WhiteElo "2086"]
[BlackElo "2130"]
[PlyCount "81"]
[EventDate "2002.05.04"]

1. e4 c5 2. Nf3 Nc6 3. d4 cxd4 4. Nxd4 Nf6 5. Nc3 e5 6. Ndb5 d6 7. Bg5 a6 8.
Na3 b5 9. Nd5 Be7 10. Bxf6 Bxf6 11. c3 Bg5 12. Nc2 O-O 13. Bd3 Be6 14. Nce3 Ne7
15. Bc2 Bxe3 16. Nxe3 Qb6 17. O-O Rad8 18. Bb3 Kh8 19. Nd5 Nxd5 20. Bxd5 Qc5
21. a4 Bxd5 22. Qxd5 Qxd5 23. exd5 Ra8 24. axb5 axb5 25. f3 g6 26. Kf2 Rfc8 27.
Rxa8 Rxa8 28. Rd1 Kg7 29. Ke3 f5 30. Kd3 Ra4 31. Re1 Kf6 32. Re2 g5 33. b3 Ra3
34. Rb2 Ra1 35. c4 b4 36. Re2 h5 37. h3 Ra3 38. Rb2 Ra1 39. Re2 Ra3 40. Rb2 Ra1
41. Re2 1/2-1/2